[Event "Baden-Baden op"]
[Site "Baden-Baden"]
[Date "1990.??.??"]
[Round "4"]
[White "Goldin, Alexander"]
[Black "Vatter, Hans Joachim"]
[Result "1-0"]
[WhiteElo "2535"]
[BlackElo "2320"]

1.d4 Nf6 2.c4 e6 3.Nf3 b6 4.g3 Ba6 5.Qa4 c6 6.Nc3 d5 7.cxd5 exd5 8.Bg2 b5
9.Qc2 Be7 10.a3 O-O 11.O-O Re8 12.Ne5 Bb7 13.Rd1 Nbd7 14.e4 a6 15.Nxd7 Qxd7
16.e5 Nh5 17.Be3 g6 18.Rac1 Ng7 19.f4 f5 20.h3 Rf8 21.Nb1 a5 22.Nd2 a4 23.Nf3 Ne6
24.Ne1 Ra6 25.Nd3 Qd8 26.Qf2 Bc8 27.Bd2 Qe8 28.Bb4 Bd7 29.Bxe7 Qxe7 30.Nb4 Rb6
31.Bxd5  1-0

[Event "Baden-Baden op"]
[Site "Baden-Baden"]
[Date "1990.??.??"]
[Round "5"]
[White "Bischoff, Klaus"]
[Black "Goldin, Alexander"]
[Result "1/2-1/2"]
[WhiteElo "2530"]
[BlackElo "2535"]

1.d4 d6 2.e4 Nf6 3.Nc3 g6 4.Nf3 Bg7 5.h3 O-O 6.Be3 c6 7.a4 Nbd7 8.a5 d5 9.e5 Ne8
10.Bd3 f6 11.exf6 Bxf6 12.Bf4 Ng7 13.Qd2 Re8 14.O-O e5 15.dxe5 Nxe5 16.Nxe5 Bxe5
17.Rfe1 Bf6 18.Rxe8+ Qxe8 19.Re1 Qf7 20.Na4 Ne6 21.Be5 Bxe5 22.Rxe5 Bd7 23.Qe3 Qf6
24.b4 Rf8  1/2-1/2

[Event "Baden-Baden op"]
[Site "Baden-Baden"]
[Date "1990.??.??"]
[Round "7"]
[White "Goldin, Alexander"]
[Black "Fahnenschmidt, Gerhard"]
[Result "1-0"]
[WhiteElo "2535"]
[BlackElo "2390"]

1.d4 Nf6 2.c4 g6 3.g3 c6 4.Bg2 d5 5.Nf3 Bg7 6.O-O O-O 7.Qb3 dxc4 8.Qxc4 Na6
9.Nc3 Be6 10.Qa4 Nd5 11.Rd1 Nb6 12.Qa5 Nd5 13.Qa4 Nb6 14.Qc2 Nb4 15.Qb1 a5
16.a3 Na6 17.b3 h6 18.e4 Qc8 19.Be3 Bh3 20.Qd3 Bxg2 21.Kxg2 Nd7 22.Rac1 Qd8
23.Qd2 Kh7 24.Qe2 e6 25.d5 cxd5 26.exd5 e5 27.Nb5 Rc8 28.Rxc8 Qxc8 29.Rc1 Qd8
30.d6 e4 31.Nfd4 Ne5 32.Bd2 Nd3 33.Rc4 Re8 34.Nc7 Re5 35.Nxa6 Qxd6 36.Nc7 Qd7
37.Ndb5 Rxb5 38.Nxb5 Qxb5 39.Qxe4 Qxb3 40.Rc7 b6 41.Qf3 Kg8 42.Rc8+ Kh7 43.Rc3 Bxc3
44.Qxd3 Qxa3 45.Bxc3 Qc5 46.Qf3 Qe7 47.Qc6 Qd8 48.h4 h5 49.Bf6 Qb8 50.Bd4 b5
51.Qf6 Qf8 52.Qe5 a4 53.Qxb5 a3 54.Qd5  1-0

[Event "Baden-Baden op"]
[Site "Baden-Baden"]
[Date "1990.??.??"]
[Round "9"]
[White "Goldin, Alexander"]
[Black "Epishin, Vladimir"]
[Result "1/2-1/2"]
[WhiteElo "2535"]
[BlackElo "2590"]

1.d4 d5 2.c4 c6 3.Nf3 Nf6 4.cxd5 cxd5 5.Nc3 e6 6.Bf4 a6 7.e3 Bd6 8.Bxd6 Qxd6
9.Bd3 O-O 10.O-O Bd7 11.Rc1 Nc6 12.a3 Rac8 13.Qe2 e5 14.dxe5 Nxe5 15.Nxe5 Qxe5
16.h3 Qg5 17.Qf3 Rfe8  1/2-1/2

[Event "Kusadasi op"]
[Site "Kusadasi"]
[Date "1990.??.??"]
[Round "3"]
[White "Tseitlin, Mikhail S"]
[Black "Goldin, Alexander"]
[Result "1/2-1/2"]
[WhiteElo "2465"]
[BlackElo "2525"]

1.e4 c5 2.Nf3 Nc6 3.d4 cxd4 4.Nxd4 Nf6 5.Nc3 d6 6.Bg5 Bd7 7.f4 Qb6 8.Nb3 e6
9.Qf3 Rc8 10.O-O-O Nb4 11.f5 Be7 12.Kb1 O-O 13.Be3 Qc7 14.g4 d5 15.e5 Ne4
16.Bd4 f6 17.exf6 Bxf6 18.Bxf6 Rxf6 19.a3 Nxc2 20.Kxc2 Ba4 21.Rd4 Bxb3+ 22.Kxb3 Qb6+
23.Nb5 a6 24.Ka2 axb5 25.Rb4 Nd2 26.Qd3 Nc4 27.fxe6 Qxe6 28.Rxb5 Ne3 29.Be2 d4+
30.Qb3 Qxb3+ 31.Rxb3 Rf2 32.Bd3 Rc3 33.Re1 Rxb3 34.Kxb3 Rxh2 35.Rc1 Nxg4
36.Rc8+ Kf7 37.Rc7+ Kf6 38.Rxb7 Ne5 39.Rb6+ Kg5 40.Bb5 Rh3+ 41.Kb4  1/2-1/2

[Event "Kusadasi op"]
[Site "Kusadasi"]
[Date "1990.??.??"]
[Round "4"]
[White "Goldin, Alexander"]
[Black "Robatsch, Karl"]
[Result "1-0"]
[WhiteElo "2525"]
[BlackElo "2400"]

1.d4 Nf6 2.c4 e6 3.Nf3 Bb4+ 4.Bd2 Qe7 5.g3 Bxd2+ 6.Qxd2 d5 7.Bg2 Nbd7 8.O-O c6
9.Na3 O-O 10.Rac1 e5 11.cxd5 Nxd5 12.e4 N5b6 13.d5 Nf6 14.dxc6 bxc6 15.Qa5 Re8
16.Rc5 Nfd7 17.Rc3 Nb8 18.Rfc1 f6 19.Ne1 Rd8 20.Rd3 Ba6 21.Rxd8+ Qxd8 22.Nec2 Qd6
23.Ne3 Qc7 24.b4 Qb7 25.Qc5 Be2 26.Bh3 Na6 27.Qd6 Qb8 28.Qd7 Bf3 29.Qd3 Nc7
30.Nf5 Bh5 31.Ne7+ Kh8 32.Nxc6 Qg8 33.Ne7 Qb8 34.Qd6 Na6 35.Qxb8+ Rxb8 36.b5 Rb7
37.Nd5  1-0

[Event "Kusadasi op"]
[Site "Kusadasi"]
[Date "1990.??.??"]
[Round "7"]
[White "Goldin, Alexander"]
[Black "Okhotnik, Vladimir"]
[Result "1-0"]
[WhiteElo "2525"]
[BlackElo "2490"]

1.d4 d6 2.Nf3 Bg4 3.e4 Nf6 4.Nc3 e6 5.h3 Bh5 6.Qe2 c6 7.g4 Bg6 8.h4 h5 9.g5 Nfd7
10.Bh3 Be7 11.Be3 d5 12.Nd2 Nb6 13.f4 dxe4 14.Ncxe4 Qd5 15.Bg2 Qb5 16.c4 Qxb2
17.O-O Qa3 18.Rab1 Qa6 19.Rbe1 Bf5 20.Nc5 Bxc5 21.dxc5 Na4 22.Bd4 Nd7 23.Ne4 Bxe4
24.Bxe4 Naxc5 25.Bb1 O-O-O 26.Bxg7 Rhg8 27.Bd4 f6 28.Kh2 f5 29.Rc1 Qa5 30.Bc3 Qa3
31.Qxh5 Nf6 32.gxf6 Rd2+ 33.Kh3 Ne4 34.Qf3 Nf2+ 35.Rxf2 Rxf2 36.Qxf2 Qxc1
37.Qe1 Qxe1 38.Bxe1 Kd7 39.Bb4 Ke8 40.Bd3 Kf7 41.Be7 Rh8 42.Be2 Kg6 43.a4 Kf7
44.h5 b6 45.Kh4 a6 46.h6 Kg6 47.Bh5+ Kxh6 48.f7 Kg7 49.Bd6 Rc8 50.Kg5 c5
51.Be5+ Kf8 52.Kg6  1-0

[Event "Kusadasi op"]
[Site "Kusadasi"]
[Date "1990.??.??"]
[Round "8"]
[White "Goldin, Alexander"]
[Black "Velimirovic, Dragoljub"]
[Result "0-1"]
[WhiteElo "2525"]
[BlackElo "2525"]

1.d4 c5 2.d5 Nf6 3.Nc3 d6 4.e4 g6 5.Nf3 Bg7 6.Be2 Na6 7.O-O O-O 8.h3 Nc7
9.a4 a6 10.Re1 b6 11.Bf4 Bb7 12.Rb1 Qd7 13.b4 cxb4 14.Rxb4 Nxe4 15.Nxe4 Nxd5
16.Bxd6 exd6 17.Rb3 Qxa4 18.Nxd6 Nc3 19.Qd3 Rfd8 20.Rxb6 Bc6 21.Bf1 Bb5 22.Qd2 Qa5
23.Qe3 Nd5 24.Rxb5 axb5 25.Qc5 Qc7 26.Qxc7 Nxc7 27.Nxb5 Ne6 28.c4 Nc5 29.Nc7 Rac8
30.Nd5 Ra8 31.Rb1 Rdb8 32.Rb5 Rxb5 33.cxb5 Ra2 34.g3 Rb2 35.Nf4 Ne4 36.Bc4 Nd6
37.Bd5 Rxb5 38.h4 Kf8 39.Kg2 Bh6 40.Ng5 Bxg5 41.hxg5 Nc8 42.Kf3 Ke7 43.Kg4 Nb6
44.Be4 Kd6 45.Nd3 Nc4 46.f4 Rb3 47.Nf2 Ne3+ 48.Kh4 Ke6 49.g4 Rc3 50.Nd3 Nd1
51.Ne5 Nf2 52.Bg2 Nd3 53.Nxd3 Rxd3 54.Bc6 Rc3 55.Bb7 Kd6 56.Bg2 Kc5 57.Bb7 Kd4  0-1

[Event "Paris-ch"]
[Site "Paris"]
[Date "1990.??.??"]
[Round "?"]
[White "Goldin, Alexander"]
[Black "Bernard, Christophe"]
[Result "1-0"]
[WhiteElo "2525"]
[BlackElo "2340"]

1.d4 Nf6 2.c4 g6 3.g3 Bg7 4.Bg2 O-O 5.Nc3 d6 6.Nf3 Nbd7 7.O-O c6 8.e4 e5
9.b3 Re8 10.h3 a6 11.Be3 b5 12.dxe5 dxe5 13.c5 b4 14.Na4 Nxe4 15.Nd2 Nxd2
16.Qxd2 e4 17.Rad1 Qa5 18.Nb6 Nxb6 19.cxb6 Rb8 20.Qd6 Be5 21.Qxc6 Bb7 22.Qc5 Qa3
23.Bc1 Qxa2 24.Qxb4 Qc2 25.Be3 Qc3 26.Qa4 Qc6 27.Rc1 Qxa4 28.bxa4 Rbc8 29.Rxc8 Rxc8
30.Rd1 a5 31.Bf1 Bf6 32.Rd7 Bc6 33.Ra7 Bd8 34.Bc4  1-0

[Event "URS-chT"]
[Site "Podolsk"]
[Date "1990.??.??"]
[Round "?"]
[White "Deev, Andrei"]
[Black "Goldin, Alexander"]
[Result "1-0"]
[WhiteElo "2390"]
[BlackElo "2525"]

1.e4 e5 2.Nf3 Nc6 3.c3 Nf6 4.d4 exd4 5.e5 Nd5 6.cxd4 d6 7.Bb5 Be7 8.Nc3 Nxc3
9.bxc3 O-O 10.O-O Bf5 11.Re1 a6 12.exd6 cxd6 13.Bd3 Bxd3 14.Qxd3 d5 15.Bf4 Qd7
16.Re3 Bd6 17.Ng5 f5 18.Bxd6 Qxd6 19.Rae1 h6 20.Nf3 Rf6 21.h3 Raf8 22.Re5 Qd7
23.R5e2 f4 24.c4 Qf5 25.Qc3 Kh7 26.c5 Qd7 27.Ne5 Nxe5 28.Rxe5 f3 29.Qd3+ Kh8
30.Re7 Qc8 31.g4 Qc6 32.R1e5 b6 33.g5 Rg6 34.h4 bxc5 35.dxc5 hxg5 36.hxg5 Rb8
37.Qxf3 Rb1+ 38.Kh2 Kg8 39.Re8+ Kh7 40.Qh5+  1-0

[Event "URS-chT"]
[Site "Podolsk"]
[Date "1990.??.??"]
[Round "?"]
[White "Goldin, Alexander"]
[Black "Aseev, Konstantin N"]
[Result "0-1"]
[WhiteElo "2525"]
[BlackElo "2545"]

1.d4 Nf6 2.Nc3 d5 3.Bg5 c5 4.Bxf6 gxf6 5.e4 dxe4 6.dxc5 Qa5 7.Qd5 a6 8.Qxe4 Nc6
9.O-O-O f5 10.Qe3 Be6 11.a3 Bg7 12.Nge2 Ne5 13.Nd4 Ng4 14.Qe2 Bxd4 15.Rxd4 Qxc5
16.Qd2 Rc8 17.f4 Nf6 18.Be2 O-O 19.h3 Qb6 20.Rd1 Kh8 21.Bf3 Rc7 22.Rb4 Qa7
23.Qd4 Qxd4 24.Rdxd4 Rb8 25.a4 b6 26.Rd2 Rc5 27.Rbd4 Kg7 28.Be2 a5 29.Bf3 Rbc8
30.Kd1 Ne8 31.Nb5 Bc4 32.Rd7 Bxb5 33.axb5 Kf8 34.Bb7 R8c7 35.Bc6 Kg7 36.Kc1 Kf6
37.Rd8 Nd6 38.Rb8 Nxb5 39.Bxb5 Rxb5 40.Rh8 Kg7 41.Rhd8 Rc4 42.g3 Re4 43.R2d7 Re3
44.g4 Rxh3 45.g5 e6 46.Kd1 Rxb2 47.Rd2  0-1

[Event "URS-chT"]
[Site "Podolsk"]
[Date "1990.??.??"]
[Round "?"]
[White "Goldin, Alexander"]
[Black "Dvoirys, Semen I"]
[Result "1/2-1/2"]
[WhiteElo "2525"]
[BlackElo "2535"]

1.d4 Nf6 2.c4 g6 3.g3 Bg7 4.Bg2 d5 5.cxd5 Nxd5 6.e4 Nb6 7.Ne2 Nc6 8.d5 Na5
9.Nbc3 O-O 10.b3 c6 11.Ba3 cxd5 12.exd5 Bg4 13.f3 Bd7 14.O-O Nc8 15.Kh1 Nd6
16.Rc1 Qb6 17.Ne4 Nf5 18.Bc5 Qa6 19.g4 Nd6 20.Nxd6 exd6 21.Bb4 b5 22.Qd2 Nb7
23.Rc7 Rad8 24.Rfc1 Qb6 25.Ng3  1/2-1/2

[Event "URS-chT"]
[Site "Podolsk"]
[Date "1990.??.??"]
[Round "?"]
[White "Goldin, Alexander"]
[Black "Kupreichik, Viktor D"]
[Result "1/2-1/2"]
[WhiteElo "2525"]
[BlackElo "2490"]

1.d4 Nf6 2.Nf3 g6 3.g3 Bg7 4.Bg2 O-O 5.O-O d6 6.Nc3 c5 7.dxc5 dxc5 8.Qxd8 Rxd8
9.Be3 Na6 10.Ne5 Ne8 11.f4 Nd6 12.Rad1 Be6 13.b3 Rac8 14.a3 Nb8 15.Nd5 Kf8
16.Rd2 Nf5 17.Bf2 Nc6 18.Rfd1 Nxe5 19.fxe5 Bxe5 20.Nf4 Rxd2 21.Nxe6+ fxe6
22.Rxd2 b6 23.Rd7 a5 24.g4 Nd4 25.Bxd4 Bxd4+ 26.Kf1 Ke8 27.Ra7 Kf7 28.Rd7 Rf8
29.Bf3 e5 30.Rb7 c4 31.Bd5+ Ke8+ 32.Kg2 Rf2+ 33.Kg3 cxb3 34.Be6 Kf8 35.g5 Kg7
36.cxb3 h5 37.Rxe7+ Kf8 38.Rd7 Rxe2 39.Rf7+ Ke8 40.Rf6 e4 41.Rxg6 Be5+ 42.Kh4 Rxh2+
43.Bh3 Kf7 44.Rxb6 e3 45.g6+ Kg7 46.Re6 Bf4 47.Re7+ Kf6 48.Re6+ Kg7 49.Re7+ Kf6
50.Re8 Kg7 51.Re4 Bh6 52.Kg3 Rf2 53.Kh4 Kxg6 54.Re6+ Rf6 55.Kg3 h4+ 56.Kg2 Rxe6
57.Bxe6 Kf6 58.Bd7 Ke5 59.Bg4 Kd6 60.Kh3 Ke5 61.Bd1 Kd4  1/2-1/2

[Event "URS-chT"]
[Site "Podolsk"]
[Date "1990.??.??"]
[Round "?"]
[White "Goldin, Alexander"]
[Black "Poluljahov, Aleksandr"]
[Result "1/2-1/2"]
[WhiteElo "2525"]
[BlackElo "2370"]

1.d4 Nf6 2.c4 e6 3.Nf3 b6 4.g3 Ba6 5.b3 Bb4+ 6.Bd2 Be7 7.Bg2 d5 8.cxd5 exd5
9.Nc3 O-O 10.O-O Bb7 11.Qc2 Na6 12.Rfd1 Qc8 13.Bf4 Rd8 14.Qb2 Qe6 15.Ng5 Qf5
16.h4 c5 17.Bh3 Qg6 18.Nf3 Ng4 19.Qb1 Qh5 20.Ng5 Nf6 21.Bg2 cxd4 22.Nb5 Ne4
23.Bf3 Qg6 24.h5 Qf6 25.Nxe4 dxe4 26.Bxe4 Bxe4 27.Qxe4 Nc5 28.Qf3 Ne6 29.Rac1 Bc5
30.Rc4  1/2-1/2

[Event "URS-chT"]
[Site "Podolsk"]
[Date "1990.??.??"]
[Round "?"]
[White "Lukin, Andrei M"]
[Black "Goldin, Alexander"]
[Result "1-0"]
[WhiteElo "2465"]
[BlackElo "2525"]

1.e4 e5 2.Nf3 Nc6 3.Bb5 a6 4.Ba4 Nf6 5.O-O Be7 6.d3 b5 7.Bb3 d6 8.a4 Rb8
9.axb5 axb5 10.h3 O-O 11.Nc3 Be6 12.Bxe6 fxe6 13.Ne2 Qd7 14.Ng3 Ra8 15.Be3 d5
16.c3 h6 17.Qb3 Kh7 18.Rfb1 Rab8 19.Ra6 Bd6 20.Qc2 Kg8 21.b4 Ra8 22.Rba1 Rxa6
23.Rxa6 Bxb4 24.Nxe5 Nxe5 25.cxb4 dxe4 26.dxe4 Nc4 27.Bc5 Rd8 28.Qe2 Qd3
29.Qxd3 Rxd3 30.Kh2 Kf7 31.Ra7 Rd7 32.Ra8 Nb2 33.Rb8 c6 34.Rf8+ Kg6 35.Rc8 h5
36.f4 Nd3 37.e5 Nd5 38.f5+ exf5 39.Rxc6+ Kg5 40.h4+ Kf4 41.e6 Rb7 42.Rd6 Nxc5
43.Rxd5 Nxe6 44.Rxf5+ Kg4 45.Re5 Nf4 46.Rg5+ Kxh4 47.Ne4 Nxg2 48.Rxg2 Rd7
49.Nc3 g5 50.Nxb5 g4 51.Nc3 Rd3 52.Rc2 g3+ 53.Kg2 Kg4 54.Ne2 h4 55.Ng1 Kf4
56.Rc4+ Ke3 57.Nf3 Rb3 58.Rxh4 Kd3 59.Ne5+ Kc3 60.Rc4+ Kb2 61.Nc6 Ka3 62.Nd4  1-0

[Event "URS-chT"]
[Site "Podolsk"]
[Date "1990.??.??"]
[Round "?"]
[White "Neverovsky, G."]
[Black "Goldin, Alexander"]
[Result "0-1"]
[WhiteElo "2310"]
[BlackElo "2525"]

1.d4 d6 2.e4 Nf6 3.Nc3 g6 4.g3 Bg7 5.Bg2 O-O 6.Nge2 Nbd7 7.O-O e5 8.h3 c6
9.a4 Re8 10.Be3 exd4 11.Bxd4 b6 12.g4 Ba6 13.Re1 Bh6 14.Ng3 Ne5 15.b3 Bc8
16.Be3 Bxe3 17.Rxe3 Bxg4 18.hxg4 Nfxg4 19.Re2 Qh4 20.Nf1 Nf6 21.Re3 Nh5 22.Rh3 Qf6
23.Ne2 Re6 24.Nfg3 Ng4 25.Qd4 Ng7 26.Qxf6 Rxf6 27.Nh1 Re8 28.Nc3 Ne6 29.Rg3 h5
30.Rd3 Nf4 31.Rd2 h4 32.Ne2 Nxg2 33.Kxg2 Rxe4 34.Nc3 Ref4 35.Rad1 d5 36.Rd4 Ne5
37.Rxf4 Rxf4 38.Re1 f6 39.Ne2 Rg4+ 40.Kh3 Re4 41.Kg2 g5 42.f3 Re3 43.f4 gxf4
44.Kf1 Nf3 45.Rd1 Nh2+ 46.Kf2 Ng4+ 47.Kf1 Rh3 48.Kg2 Rh2+ 49.Kf3  0-1

[Event "Warsaw Legion op"]
[Site "Warsaw"]
[Date "1990.??.??"]
[Round "?"]
[White "Goldin, Alexander"]
[Black "Adamski, Andrzej"]
[Result "0-1"]
[WhiteElo "2525"]
[BlackElo "2285"]

1.d4 Nf6 2.c4 c5 3.d5 g6 4.Nc3 d6 5.g3 Bg7 6.Bg2 O-O 7.Nf3 Na6 8.O-O Nc7
9.a4 Rb8 10.e4 Bg4 11.h3 Bxf3 12.Bxf3 b6 13.Rb1 e6 14.Bf4 exd5 15.exd5 a6
16.Qd3 Qd7 17.b4 cxb4 18.Rxb4 a5 19.Rbb1 Rfe8 20.Kg2 Na6 21.Nb5 Nc5 22.Qc2 Bf8
23.Nc3 Qd8 24.Ne2 Bg7 25.Rfd1 Nfe4 26.Nd4 Qd7 27.Bxe4 Rxe4 28.Nc6 Rbe8 29.Rxb6 h5
30.Nxa5 h4 31.Bxd6 Nxa4 32.Rc6 Nc3 33.Rd2 Ne2 34.Qd3 Rd4 35.Qc2 Rxd2 36.Qxd2 Bc3
37.Qa2 hxg3 38.Bxg3 Nxg3 39.fxg3 Qf5 40.Qf2 Qe4+ 41.Kh2 Qd3  0-1

[Event "Warsaw"]
[Site "Warsaw"]
[Date "1990.??.??"]
[Round "2"]
[White "Goldin, Alexander"]
[Black "Epishin, Vladimir"]
[Result "1/2-1/2"]
[WhiteElo "2525"]
[BlackElo "2550"]

1.Nf3 Nf6 2.c4 g6 3.Nc3 d5 4.cxd5 Nxd5 5.g3 Bg7 6.Bg2 O-O 7.O-O e5 8.Nxd5 Qxd5
9.d3 Qd6 10.Be3 Na6 11.Nd2 Qe7 12.Rc1 c6 13.Qa4 Rd8 14.a3 Nc7 15.Bc5 Qe6
16.Qc2 Nd5 17.Nc4  1/2-1/2

[Event "Warsaw"]
[Site "Warsaw"]
[Date "1990.??.??"]
[Round "4"]
[White "Goldin, Alexander"]
[Black "Stempin, Pawel"]
[Result "1-0"]
[WhiteElo "2525"]
[BlackElo "2445"]

1.Nf3 Nf6 2.c4 c5 3.g3 b6 4.Bg2 Bb7 5.O-O e6 6.b3 d6 7.Bb2 Be7 8.Nc3 a6 9.e3 O-O
10.Qe2 Nbd7 11.Rfd1 Qb8 12.Rac1 Re8 13.h3 Ra7 14.d4 Ne4 15.d5 Nxc3 16.Bxc3 exd5
17.cxd5 Bf6 18.e4 a5 19.Nh4 g6 20.Qg4 Ne5 21.Qf4 Qd8 22.Nf3 Nxf3+ 23.Qxf3 Bxc3
24.Qxc3 b5 25.a4 b4 26.Qb2 Ba6 27.Re1 Rae7 28.f4 Qb8 29.Re3 Qb6 30.Qf2 f6
31.h4 Kg7 32.g4 h6 33.h5 g5 34.fxg5 fxg5 35.Rf3 Qd8 36.Rf6 Rf8 37.Rg6+ Kh7
38.Rxd6 Rxf2 39.Rxd8 Rd2 40.Rxc5 Rd1+ 41.Kh2 Rf7 42.Rc6 Bf1 43.Bxf1 Rdxf1
44.Rc2 R1f4 45.e5  1-0

[Event "Warsaw"]
[Site "Warsaw"]
[Date "1990.??.??"]
[Round "5"]
[White "Chekhov, Valery A"]
[Black "Goldin, Alexander"]
[Result "1/2-1/2"]
[WhiteElo "2455"]
[BlackElo "2525"]

1.Nf3 Nf6 2.c4 c5 3.Nc3 e6 4.g3 b6 5.Bg2 Bb7 6.O-O d6 7.d4 cxd4 8.Qxd4 a6
9.Rd1 Be7 10.Ng5 Bxg2 11.Kxg2  1/2-1/2

[Event "Warsaw"]
[Site "Warsaw"]
[Date "1990.??.??"]
[Round "6"]
[White "Goldin, Alexander"]
[Black "Jasnikowski, Zbigniew"]
[Result "1-0"]
[WhiteElo "2525"]
[BlackElo "2445"]

1.d4 Nf6 2.c4 g6 3.g3 Bg7 4.Bg2 O-O 5.Nc3 d6 6.Nf3 Nbd7 7.O-O e5 8.e4 h6
9.b3 Nh7 10.dxe5 dxe5 11.Be3 Ng5 12.Nxg5 hxg5 13.Qd2 g4 14.Rad1 c6 15.h3 gxh3
16.Bxh3 Qc7 17.Qd6 Qxd6 18.Rxd6 Nf6 19.Bxc8 Rfxc8 20.f3 Nh5 21.Kg2 Bf8 22.Rd7 Bb4
23.Ne2 Rcb8 24.Bg5 Kg7 25.f4 Nf6 26.Bxf6+ Kxf6 27.fxe5+ Kxe5 28.Nf4 Rf8 29.Nd3+ Ke6
30.Rxb7 Bd6 31.e5 Ba3  1-0

[Event "Warsaw"]
[Site "Warsaw"]
[Date "1990.??.??"]
[Round "7"]
[White "Tischbierek, Raj"]
[Black "Goldin, Alexander"]
[Result "1/2-1/2"]
[WhiteElo "2440"]
[BlackElo "2525"]

1.e4 e5 2.Bc4 Nc6 3.Nf3 Bc5 4.c3 Nf6 5.d3 a6 6.Bg5 h6 7.Bh4 Be7 8.Nbd2 d6
9.Bb3 Nh5 10.Bg3 Nxg3 11.hxg3 Na5 12.Bc2 Bg4 13.b4 Nc6 14.Bb3 Bg5 15.Qc2 O-O
16.Bd5 Bxd2+ 17.Nxd2 Qd7 18.O-O  1/2-1/2

[Event "Warsaw"]
[Site "Warsaw"]
[Date "1990.??.??"]
[Round "8"]
[White "Goldin, Alexander"]
[Black "Gdanski, Jacek"]
[Result "0-1"]
[WhiteElo "2525"]
[BlackElo "2430"]

1.d4 Nf6 2.c4 c5 3.d5 g6 4.Nc3 d6 5.g3 Bg7 6.Bg2 O-O 7.Nf3 Na6 8.O-O Nc7
9.a4 Bg4 10.h3 Bxf3 11.Bxf3 Rb8 12.e4 b6 13.Rb1 e6 14.Bf4 exd5 15.exd5 a6
16.Qd3 Qd7 17.b4 cxb4 18.Rxb4 a5 19.Rbb1 Rfe8 20.Kg2 Na6 21.Nb5 Nc5 22.Qc2 Bf8
23.Nc3 Qd8 24.Ne2 Bg7 25.Rfd1 Nfe4 26.Nd4 Qd7 27.Bxe4 Rxe4 28.Nc6 Rbe8 29.Rxb6 h5
30.Nxa5 h4 31.Bxd6 Nxa4 32.Rc6 Nc3 33.Rd2 Ne2 34.Qd3 Rd4 35.Qc2 Rxd2 36.Qxd2 Bc3
37.Qa2 hxg3 38.Bxg3 Nxg3 39.fxg3 Qf5 40.Qf2 Qe4+ 41.Kh2 Qd3  0-1

[Event "Warsaw"]
[Site "Warsaw"]
[Date "1990.??.??"]
[Round "12"]
[White "Goldin, Alexander"]
[Black "Cvitan, Ognjen"]
[Result "1-0"]
[WhiteElo "2525"]
[BlackElo "2525"]

1.d4 Nf6 2.Nf3 g6 3.g3 Bg7 4.Bg2 d5 5.O-O O-O 6.Be3 c6 7.Qc1 Re8 8.Bh6 Bh8
9.c4 Bf5 10.Nbd2 Nbd7 11.Nh4 Bg4 12.f3 Be6 13.Kh1 dxc4 14.e4 b5 15.f4 Bg4
16.e5 Nd5 17.f5 e6 18.fxg6 fxg6 19.Ne4 c5 20.Nd6 cxd4 21.Nf7 Qe7 22.Bg5 Qxf7
23.Rxf7 Kxf7 24.Bxd5 exd5 25.Qf4+ Kg8 26.Qxg4 Nxe5 27.Qxd4  1-0

[Event "Warsaw"]
[Site "Warsaw"]
[Date "1990.??.??"]
[Round "13"]
[White "Filipowicz, Andrzej"]
[Black "Goldin, Alexander"]
[Result "0-1"]
[WhiteElo "2385"]
[BlackElo "2525"]

1.c4 e5 2.Nc3 Nc6 3.g3 g6 4.Bg2 Bg7 5.Rb1 h5 6.h4 d6 7.b4 Nge7 8.d3 Nd4 9.e3 Ne6
10.Nge2 O-O 11.O-O Nf5 12.e4 Nh6 13.Nd5 c6 14.Ne3 Qe7 15.b5 Nc5 16.bxc6 bxc6
17.Ba3 Ng4 18.Nxg4 Bxg4 19.f3 Be6 20.Kh2 Rab8 21.Qd2 Rb6 22.Rxb6 axb6 23.Rb1 Qa7
24.Bb4 Ra8 25.a3 Na6 26.Bc3 Nc7 27.Bh3 Bxh3 28.Kxh3 b5 29.cxb5 Nxb5 30.a4 Nxc3
31.Nxc3 Qd4 32.g4 hxg4+ 33.fxg4 d5 34.Rb7 dxe4 35.Nxe4 Rd8 36.Qf2 Qxd3+ 37.Ng3 Rf8
38.a5 e4 39.Qf4 Qa6 40.Re7 Qxa5 41.Nxe4  0-1

[Event "Bern op"]
[Site "Bern"]
[Date "1991.??.??"]
[Round "3"]
[White "Marangunic, Srdjan"]
[Black "Goldin, Alexander"]
[Result "1/2-1/2"]
[WhiteElo "2460"]
[BlackElo "2565"]

1.Nf3 d5 2.d4 Nf6 3.e3 c5 4.dxc5 Qa5+ 5.Nbd2 Nc6 6.Be2 g6 7.O-O Qxc5 8.a3 Bf5
9.c4 dxc4 10.Bxc4 Bg7 11.b4 Qd6 12.Bb2 O-O 13.Nb3 Ne4 14.Bxg7 Kxg7 15.Qxd6 Nxd6
16.Bd5 Rac8 17.Rfc1 Nb8 18.Nfd4 Be4 19.Bxe4 Nxe4 20.f3 Nd6 21.a4 Na6 22.b5 Nb4
23.Nc5 e5 24.Ne2 Rfd8 25.Rab1 Nd5 26.Kf2 Nb6 27.Ra1 Nbc4 28.Nb3 Nb2 29.Rxc8 Rxc8
30.e4 Rc4 31.Ra2 Nxa4 32.Rd2 Nxb5 33.Rd5 Rc2 34.Rxb5 Rxe2+ 35.Kg3 b6 36.Rxe5 Kf6
37.Re8 Nc3 38.Nd4 Rd2 39.Nc6 a5 40.Rb8 Ne2+ 41.Kh4 g5+ 42.Kg4 h5+ 43.Kxh5 Nf4+
44.Kh6 Rxg2 45.e5+ Kf5 46.Rxb6 Ne6 47.Kh7 Rxh2+ 48.Kg8 a4 49.Rb5 a3 50.Ra5 a2
51.Kxf7 Rh7+ 52.Ke8 Kf4 53.Rxa2 Kxf3 54.Ra4 Rh4 55.Ra3+ Ke4 56.Kf7 Rh6 57.Ra4+ Ke3
58.Ne7 Nd4  1/2-1/2

[Event "Bern op"]
[Site "Bern"]
[Date "1991.??.??"]
[Round "4"]
[White "Goldin, Alexander"]
[Black "Leuba, Didier"]
[Result "1-0"]
[WhiteElo "2565"]
[BlackElo "2295"]

1.d4 Nf6 2.Nf3 e6 3.c4 c5 4.d5 exd5 5.cxd5 b5 6.Bg5 d6 7.e4 a6 8.a4 b4 9.Nbd2 Be7
10.Bf4 O-O 11.h3 a5 12.Bb5 Ba6 13.Bxa6 Rxa6 14.Qe2 Ra7 15.O-O Nbd7 16.Nc4 Nb6
17.Nfd2 Re8 18.Qf3 Ra6 19.Nxb6 Qxb6 20.Nc4 Qb7 21.Rfe1 Bf8 22.b3 Nd7 23.Qg3 Nf6
24.f3 Nh5 25.Qh2 Nxf4 26.Qxf4 Qe7 27.Rad1 g5 28.Qg4 Bg7 29.Kh1 Bd4 30.g3 Ra7
31.Kg2 f6 32.h4 Qd7 33.hxg5 Qxg4 34.fxg4 fxg5 35.Nxd6 Rf8 36.Re2 Rd7 37.Nf5 Be5
38.d6 c4 39.bxc4 b3 40.c5 b2  1-0

[Event "Bern op"]
[Site "Bern"]
[Date "1991.??.??"]
[Round "5"]
[White "Fioramonti, Hung"]
[Black "Goldin, Alexander"]
[Result "1/2-1/2"]
[WhiteElo "2290"]
[BlackElo "2565"]

1.Nf3 d6 2.d4 Bg4 3.e3 Nd7 4.Be2 e5 5.dxe5 dxe5 6.Nxe5 Bb4+ 7.c3 Nxe5 8.Qxd8+ Rxd8
9.cxb4 Nd3+ 10.Bxd3 Rxd3 11.Nc3 Ne7 12.Ne2 O-O 13.f3 Bc8 14.Nf4 Rd6 15.Bd2 Ng6
16.Nxg6 hxg6 17.Bc3 Be6 18.Kf2 Rd3 19.Rhe1 Bc4 20.Red1 Rfd8 21.Rxd3 Rxd3
22.Rc1 Be6 23.Ke2 Bc4 24.Kf2 Be6 25.Be1 c6 26.Ke2 Rd5 27.a3 Rg5 28.Kf2 Rd5
29.Ke2 Rg5 30.Kf1 Rd5 31.Kf2 g5 32.Bc3 f6 33.Bd4 g4 34.fxg4 Bxg4 35.Kg3 Be6
36.Bxa7 Rd2 37.Bd4 Bd5 38.Rg1 Kf7 39.h4 Be4 40.Kh3 Rf2 41.g4 Rf3+ 42.Kh2 Rf2+
43.Kg3 Rf3+ 44.Kh2 Rf2+ 45.Kg3  1/2-1/2

[Event "Bern op"]
[Site "Bern"]
[Date "1991.??.??"]
[Round "7"]
[White "Soffer, Ram"]
[Black "Goldin, Alexander"]
[Result "1-0"]
[WhiteElo "2445"]
[BlackElo "2565"]

1.d4 d6 2.e4 Nf6 3.Nc3 g6 4.Nf3 Bg7 5.Be2 O-O 6.O-O c5 7.d5 Na6 8.Re1 Nc7
9.a4 a6 10.a5 Nb5 11.Nb1 Bg4 12.Nbd2 e6 13.c4 Nc7 14.h3 Bxf3 15.Bxf3 Nd7
16.Be2 Rb8 17.Nf3 exd5 18.exd5 b5 19.axb6 Rxb6 20.Ra2 Qb8 21.Qc2 Re8 22.Bd1 Ne5
23.Nxe5 Rxe5 24.Rxe5 Bxe5 25.b3 Ne8 26.Qd3 Ng7 27.g4 Qd8 28.f4 Bd4+ 29.Kg2 Qh4
30.Qg3 Qf6 31.Re2 Rb7 32.Bd2 h5 33.gxh5 Qf5 34.hxg6 fxg6 35.Qg4 Qb1 36.Be1 Nf5
37.Qxg6+  1-0

[Event "Bern op"]
[Site "Bern"]
[Date "1991.??.??"]
[Round "9"]
[White "Kaenel, Hansjuerg"]
[Black "Goldin, Alexander"]
[Result "0-1"]
[WhiteElo "2310"]
[BlackElo "2565"]

1.Nf3 d6 2.d4 Bg4 3.e3 Nd7 4.Be2 Ngf6 5.c4 e5 6.O-O c6 7.Nc3 Be7 8.b4 O-O
9.Bb2 e4 10.Nd2 Bxe2 11.Qxe2 d5 12.b5 Re8 13.a4 Bb4 14.Rfc1 Rc8 15.Ba3 Bxa3
16.Rxa3 c5 17.dxc5 Rxc5 18.Na2 Ne5 19.cxd5 Rxd5 20.Nf1 Qa5 21.Rcc3 Red8 22.h3 h6
23.Nc1 Rd1 24.Qc2 Qb4 25.Ne2 R8d2 26.Rc8+ Kh7 27.Qc3 Rxf1+  0-1

[Event "Dos Hermanas"]
[Site "Dos Hermanas"]
[Date "1991.??.??"]
[Round "?"]
[White "Rodriguez, Antonio"]
[Black "Goldin, Alexander"]
[Result "1/2-1/2"]
[WhiteElo "2325"]
[BlackElo "2565"]

1.Nf3 d5 2.c4 e6 3.e3 g6 4.Be2 Bg7 5.O-O Ne7 6.Qc2 O-O 7.Nc3 Nbc6 8.Rb1 d4
9.Nb5 e5 10.b4 a6 11.Na3 a5 12.bxa5 Rxa5 13.Nb5 Nb8 14.exd4 exd4 15.d3 c6
16.Na3 Na6 17.Nd2 h5 18.Re1 Nf5 19.Nb3 Re5 20.Bf4 Re6 21.Qd2 Rfe8 22.Nc2 Bf8
23.Bf1 c5 24.Rxe6 Rxe6 25.Re1 Nc7 26.Qa5 b6 27.Qa7 Rxe1 28.Nxe1 Ne6 29.Bd2 Bd6
30.a4 Bd7 31.a5 Ba4 32.Nc1 bxa5 33.Qxa5 Qd7 34.Ne2 h4 35.Qa8+ Kg7 36.Qe4 Qc7
37.g3 Bc6 38.Qg4 hxg3 39.hxg3 Qb7 40.Nf4 Bxf4 41.Bxf4 Qb4 42.Nf3 Ba8 43.Nd2 Qb7
44.Ne4 f6 45.Bc1 Qb1 46.Ba3 Qb6 47.Bc1 Qb1 48.Ba3 Qb6 49.Bc1  1/2-1/2

[Event "Dos Hermanas"]
[Site "Dos Hermanas"]
[Date "1991.??.??"]
[Round "?"]
[White "Bass, Leonid"]
[Black "Goldin, Alexander"]
[Result "1/2-1/2"]
[WhiteElo "2500"]
[BlackElo "2565"]

1.d4 d5 2.Nf3 Nf6 3.c4 e6 4.Nc3 Be7 5.Bg5 h6 6.Bxf6 Bxf6 7.e3 O-O 8.Rc1 c6
9.Bd3 Nd7 10.O-O dxc4 11.Bxc4 e5 12.Ne4 exd4 13.Nxf6+ Nxf6 14.Qxd4 Qe7 15.Rfd1 Be6
16.Qe5 Rfe8 17.Bxe6 Qxe6 18.Qxe6 Rxe6  1/2-1/2